Chemistry the molecular nature of matter and change

I tiakina i:
Ngā taipitopito rārangi puna kōrero
Kaituhi matua: AMATEIS, Silberberg
Hōputu: Pukapuka
Reo:Ingarihi
I whakaputaina: McGraw-Hill Education 2021
Tags: Tāpirihia he Tūtohu
No Tags, Be the first to tag this record!

MARC

LEADER 00000nam a22000007a 4500
008 230911b |||||||| |||| 00| 0 eng d
020 |a 9781260575231 
100 |a AMATEIS, Silberberg 
245 |a Chemistry  |b the molecular nature of matter and change  |c /Silberberg Amateis  |g xxxiv,1134p;ill 
250 |b 9th 
260 |b McGraw-Hill Education  |c 2021  |h New York  |i 700428   |i 700429   |i 700430  |l QD33.2.Am1  |m Chemistry 
500 |a it includes index 
942 |a lcc  |c BK  |e Johnson  |f 11/09/23 
952 |0 0  |1 0  |2 lcc  |4 0  |6 QD00332 S I3  |7 0  |9 4453  |a SL  |b HOL  |c QZ  |d 2023-09-11  |l 0  |o QD33.2.Si3  |p 2023-0374  |r 2023-09-11 00:00:00  |t 700428  |w 2023-09-11  |y BK 
952 |0 0  |1 0  |2 lcc  |4 0  |6 QD00332 S I3  |7 0  |9 4454  |a HOL  |b HOL  |c QZ  |d 2023-09-11  |l 0  |o QD33.2.Si3  |p 2023-0375  |r 2023-09-11 00:00:00  |t 700429  |w 2023-09-11  |y BK 
952 |0 0  |1 0  |2 lcc  |4 0  |6 QD00332 S I3  |7 0  |9 4455  |a HOL  |b HOL  |c QZ  |d 2023-09-11  |l 0  |o QD33.2.Si3  |p 2023-0376  |r 2023-09-11 00:00:00  |t 700430  |w 2023-09-11  |y BK 
999 |c 2234  |d 2234